| 000 | 00525nam a2200145Ia 4500 | ||
|---|---|---|---|
| 008 | 220217s9999 xx 000 0 und d | ||
| 100 | _aSonam, S.K. | ||
| 245 | 2 | _aA Comparative study on the physiological performance of young root trainer and polybag plants of Hevea brasiliensis | |
| 260 |
_bMahatma Gandhi University _a Kottayam _c2012 |
||
| 500 | _aCopy not available, Details from PHysiology Dvn | ||
| 500 | _aCourse: MSc Biophy | ||
| 700 | _aDr KV Sumesh | ||
| 850 | _aRubber Research Institute of India | ||
| 942 | _cTS | ||
| 999 |
_c74357 _d74357 |
||